00535cam a2200169 a 450000100100000000500170001000800410002701000130006804000250008108200150010610000360012124500800015726000420023730000280027965000430030799900150035000000152720200929145617.0831117s1923 fr ab 001 0 fre  a24031998 aDO-SdBNPbspacBNPHU axxxbD338m1 aLouis, Louis,d1874-1944.9502013aLa Mesopotamie :bles civilisations babylonienne et assyriennedLouis Louis aParis :bRenaissance du livre,c1923. axiv, 423 p. : ;c19 cm. 4aCivilization, assyro-babylonian.95021 c1430d1430